Financial Decision making:concepts, problems and cases (Record no. 632)

MARC details
000 -LEADER
fixed length control field 00428nam a22001697a 4500
005 - DATE AND TIME OF LATEST TRANSACTION
control field 20180710110621.0
008 - FIXED-LENGTH DATA ELEMENTS--GENERAL INFORMATION
fixed length control field 160512b xxu||||| |||| 00| 0 eng d
020 ## - INTERNATIONAL STANDARD BOOK NUMBER
ISBN 81-203-0603-z
041 ## - LANGUAGE CODE
Language code of text/sound track or separate title eng
082 ## - DEWEY DECIMAL CLASSIFICATION NUMBER
Item number 1574
Classification number 658.15
100 ## - MAIN ENTRY--AUTHOR NAME
Personal name John J.Hampton,
245 ## - TITLE STATEMENT
Title Financial Decision making:concepts, problems and cases
260 ## - PUBLICATION, DISTRIBUTION, ETC. (IMPRINT)
Place of publication New Delhi
Name of publisher PHI,
300 ## - PHYSICAL DESCRIPTION
Number of Pages 550p,
650 ## - SUBJECT ADDED ENTRY--TOPICAL TERM
Topical Term Management
942 ## - ADDED ENTRY ELEMENTS (KOHA)
Koha item type Books
Holdings
Lost status Damaged status Collection code Home library Current library Shelving location Date acquired Cost, normal purchase price Full call number Accession Number Koha item type
    MANAGEMENT JRU Library JRU Library SHELF-59-N 12/05/2016 195.00 658.15 1574 Books
    MANAGEMENT JRU Library JRU Library SHELF-59-N 12/05/2016 195.00 658.15 1575 Books
    MANAGEMENT JRU Library JRU Library SHELF-59-N 12/05/2016 195.00 658.15 1576 Books
    MANAGEMENT JRU Library JRU Library SHELF-59-N 12/05/2016 195.00 658.15 1577 Books
    MANAGEMENT JRU Library JRU Library SHELF-59-N 12/05/2016 195.00 658.15 1578 Books
    MANAGEMENT JRU Library JRU Library SHELF-59-N 12/05/2016 195.00 658.15 1579 Books
    MANAGEMENT JRU Library JRU Library SHELF-59-N 12/05/2016 195.00 658.15 1580 Books